| 000 | 00332nam a22001337a 4500 | ||
|---|---|---|---|
| 003 | OSt | ||
| 005 | 20231127222840.0 | ||
| 008 | 231127b |||||||| |||| 00| 0 eng d | ||
| 040 | _cCO-JMCR | ||
| 082 |
_aC _bCALR1 |
||
| 100 |
_aCalleja, Seve _eAutor _942979 |
||
| 245 |
_aRita no quería ser niña / _cSeve Calleja |
||
| 942 |
_2ddc _cBK |
||
| 999 |
_c30390 _d16774 |
||